01008nam a2200229 a 4500001001000000003000500010005001700015008004100032010001100073011001100084040000900095100002900104245019200133260004100325500006000366502010900426650004000535650003700575650005700612650003900669856007000708000111826CHAP20220329144231.0150921s2015 mx sm |||||||spa d a108287 a109259 cCHAP1 aGarcía López, Samuel10aHongos inferiores causantes de la pudrición de la raíz en el cultivo de brócoli (Brassica oleracea var. Italica), en el Bajío, Méxicoh[En línea]cpor Samuel García López. aChapingo, Méx. :bEl autor,c2015. aPara ver el contenido del material haga clic en la liga aTesis (Ing. Agr. Esp. en Parasitología Agrícola) -- UACH. Departamento de Parasitología Agrícola14aBrócolixEnfermedades por hongos.14aHongos fitopatógenosxControl.14aHongos fitopatógenosxFisiología y morfología.14aPudrición de la raizxBrócoli. aFinding aiduhttp://10.13.5.2/tesis/sist111826.pdfzTeclea aquí